Tender recovery deferred to 2013 (Record no. 83774)

MARC details
000 -LEADER
fixed length control field 00768cab a22002055a 4500
001 - CONTROL NUMBER
control field L154999
008 - FIXED-LENGTH DATA ELEMENTS--GENERAL INFORMATION
fixed length control field 120215e20120209xxk 000 0 eng d
035 ## - SYSTEM CONTROL NUMBER
System control number (Sirsi) u154999
041 0# - LANGUAGE CODE
Language code of text/sound track or separate title eng
100 1# - MAIN ENTRY--PERSONAL NAME
Personal name Dennis, Sarah
245 00 - TITLE STATEMENT
Title Tender recovery deferred to 2013
260 ## - PUBLICATION, DISTRIBUTION, ETC.
Date of publication, distribution, etc. 2012
490 ## - SERIES STATEMENT
Series statement Construction News
Volume/sequential designation (7252) 9 February 2012, 30-31(2)
520 ## - SUMMARY, ETC.
Summary, etc. The fallout from the eurozone crisis and stagnation in new work have led forecasters to lower their expectations for this year; average tender price forecasts, tender price forecast - UK, and tender price forecast - London; includes views from BCIS.
590 ## - LOCAL NOTE (RLIN)
Local note KA
651 #4 - SUBJECT ADDED ENTRY--GEOGRAPHIC NAME
Geographic name United Kingdom
Chronological subdivision
690 ## - LOCAL SUBJECT ADDED ENTRY--TOPICAL TERM (OCLC, RLIN)
Topical term or geographic name as entry element Construction management
9 (RLIN) 6230
690 ## - LOCAL SUBJECT ADDED ENTRY--TOPICAL TERM (OCLC, RLIN)
Topical term or geographic name as entry element Cost management
9 (RLIN) 6233
942 ## - ADDED ENTRY ELEMENTS (KOHA)
Suppress in OPAC 0
Holdings
Withdrawn status Lost status Source of classification or shelving scheme Damaged status Not for loan Home library Current library Shelving location Date acquired Total Checkouts Full call number Barcode Date last seen Copy number Price effective from Koha item type
    Dewey Decimal Classification     London London Journal article 15/02/2012   L154999 154999-1001 06/08/2019 1 06/08/2019 Journal article